00535nam a2200157 a 450000100100000000500170001000800410002704000250006808200150009310000370010824500670014526000510021230000290026349000440029283000410033600002847320200930054949.0110408s2010 dr c 000 p spa d aDO-SdBNPbspacBNPHU axxxxbP4381 aPérez-Incháustegui, Josefina10aSeparata y más :bpoemas /cJosefina Pérez-Incháustegui. aSanto Domingo :bEditora Universitaria,c2010. a59 p. :bretrs. ;c15 p.1 aEducación y sociedadvno. 76, v. 1470 0aEducación y sociedadnno. 76v1470